000
00277nam a22001217a 4500
008
171213b xxu||||| |||| 00| 0 eng d
041
_a
eng
080
_2
16 ED
_a
61
100
_a
2
101
_a
MJE
245
_a
PRINCIPLES OF INTERNAL MEDICINE
_c
KASPER.H
942
_2
udc
_c
BK
999
_c
38885
_d
38885